000 03108nab a22006617a 4500
003 AR-RoUNA
022 _a03282384
040 _aAR-RoUNA
_bspa
041 _aspa
_hspa
044 _aag
110 _98413
_aSecretaria de Ciencia y Técnica.
_bBoletín de la Secretaria
245 _aCiencia y Tecnica
_hNº 6
_bBoletín de la Secretaría
260 _aBuenos Aires :
_bUP,
_c1994
300 _a59. p. :
_bplantas
_bfot. byn.
_c26x 20 cm
505 _tPANORAMA. p. 3
505 _tMENSAJES PRESIDENCIALES DEL 1ro. DE MAYO; ELPAPEL DE LA CIENCIA Y LA TECCNOLOGIA . p. 4
505 _tPROGRAMAS NACIONALES. p. 7
505 _aPrograma Nacional de Investigación en Recursos Naturales Renovables. p. 7
505 _tCONICET. p. 12
505 _aLa visita de Cesar Milstein. p. 12
505 _aFacultad de Matemática, Astronomía y Física- FAMAF. p. 14
505 _aObservatorio Astronómico de Córdoba. p. 16
505 _aIn memoriam Alfredo Lanari. p. 18
505 _tCOORINACION Y PLANIFICACION. p. 19
505 _aConsejo Interinstitucional de Ciencia y Técnica ( CICYT). p. 20
505 _aProyecto de investigación y desarrollo Regiòn Patagónica. p. 22
505 _tINFORMATICA. p. 23
505 _aLas computadoras en la educación. p. 23
505 _aAsamblea del consejo Federal de Informática. p. 25
505 _aInvestigación y Desarrollo. p. 25
505 _aFundación para la informática. p. 27
505 _aUsuaria. p. 28
505 _aInformática: factor de reindustrialización. p. 30
505 _tCOOPERACION INTERNACIONAL. p. 34
505 _aNoticias. p. 34
505 _aPatrimonio científico nacional: donación de bibliografía. p. 38
505 _aConsejeros Científicos de las Embajadas en la Secretaria de Ciencia y Técnica. p. 38
505 _aAbdus Salam en la Argentina. p. 39
505 _aTaller sobre la valorización y difusión de la investigación científicos técnica. p. 41
505 _tCURSOS, BECAS Y REUNIONES CIENTIFICAS. p. 43
505 _aTaller sobre investigaciones en fotosíntesis en América Latina. P. 45
505 _aSegunda Jornada Consejo Profesional de Ingeniería Electrónica -IV Congreso del Programa Nacional de Electrónica. p. 46
505 _aII. Congreso de Virologia. p. 51
505 _tDIVULGACION CIENTIFICA Y TECNOLOGICA. p. 53
505 _aBucher, E. y Schofield, C.J. : Uso de la tierra y enfermedad de Chagas. p. 53
505 _aPublicaciones recibidas. p. 55
505 _tDOCUMENTOS. p. 59
505 _aHacia una política científica y tecnológica de la democracia. p. 59
505 _aEl papel de la Secretaria de Ciencia y Técnica. p. 59
650 _aArquitectura
_911395
650 _aCiencia
_911396
773 0 _aBoletín de la Secretaría: Ciencia y Técnica
_dBuenos Aires, Aller Atucha y Asociados. 1988
_gnro.6 (jun-1985), 59.p
_x03265773
856 _uwww.secyt.unlu.edu.ar
908 _aImp
942 _2udc
_cART
945 _aMBP
_d2018-06-12
980 _81
_gMaricel Allasia
_61
_aMaricel Allasia
999 _c12465
_d12465